Schaum's outline of theory and problems of computer graphics (Record no. 8113)

000 -LEADER
fixed length control field 00572nam a22002057a 4500
001 - CONTROL NUMBER
control field 8113
003 - CONTROL NUMBER IDENTIFIER
control field BD-DhUET
008 - FIXED-LENGTH DATA ELEMENTS--GENERAL INFORMATION
fixed length control field 150118b xxu||||| |||| 00| 0 eng d
020 ## - INTERNATIONAL STANDARD BOOK NUMBER
International Standard Book Number 0070991537
040 ## - CATALOGING SOURCE
Original cataloging agency DLC
Transcribing agency DLC
Modifying agency BD-DhUET
082 ## - DEWEY DECIMAL CLASSIFICATION NUMBER
Classification number 001.6443
Item number PLA/1996
100 ## - MAIN ENTRY--PERSONAL NAME
Personal name Plastock, Roy A.
245 ## - TITLE STATEMENT
Title Schaum's outline of theory and problems of computer graphics
Statement of responsibility, etc. by Plastock, Roy A
250 ## - EDITION STATEMENT
Edition statement Ist. ed.
260 ## - PUBLICATION, DISTRIBUTION, ETC. (IMPRINT)
Place of publication, distribution, etc. New york
Name of publisher, distributor, etc. McGraw-Hill
Date of publication, distribution, etc. 1986
300 ## - PHYSICAL DESCRIPTION
Extent viii,340p.
Other physical details ill.
650 #0 - SUBJECT ADDED ENTRY--TOPICAL TERM
Topical term or geographic name as entry element Computer graphics, computer
700 ## - ADDED ENTRY--PERSONAL NAME
Personal name Kalley, Gordon
942 ## - ADDED ENTRY ELEMENTS (KOHA)
Koha item type General Book
Holdings
Withdrawn status Price effective from Lost status Koha issues (times borrowed) Date acquired Damaged status Not for loan Shelving location Sublocation or collection (holding branch) Piece designation (barcode) Source of classification or shelving scheme Koha full call number Koha item type Koha date last seen Location (home branch) Copy number Koha date last borrowed Koha normalized classification for sorting
 2015-01-18  2015-01-18  Circulation sectionCentral Library, BUET91018 001.6443/PLA/1996General Book2016-01-05Central Library, BUET1 001_644300000000000_PLA_1996
 2015-01-18  2015-01-18  Circulation sectionCentral Library, BUET91021 001.6443/PLA/1996General Book2015-01-18Central Library, BUET2 001_644300000000000_PLA_1996
 2015-01-18 12015-01-18  Circulation sectionCentral Library, BUET91010 001.6443/PLA/1996General Book2019-04-08Central Library, BUET32019-02-24001_644300000000000_PLA_1996
 2015-01-18 12015-01-18  Circulation sectionCentral Library, BUET91030 001.6443/PLA/1996General Book2022-10-10Central Library, BUET42022-10-02001_644300000000000_PLA_1996
 2015-01-18  2015-01-18  Circulation sectionCentral Library, BUET91022 001.6443 PLA/1996General Book2015-01-18Central Library, BUET5 001_644300000000000_PLA_1996
 2015-06-06  2015-06-06  Reading sectionCentral Library, BUET91008 001.6443/PLA/1996Reading Item2015-06-06Central Library, BUET6 001_644300000000000_PLA_1996
 2015-06-06  2015-06-06  Reading sectionCentral Library, BUET91009 001.6443/PLA/1996General Book2015-06-06Central Library, BUET7 001_644300000000000_PLA_1996